[Event "28th CRO-chT 1A-Men 2019"]
[Site "Mali Losinj"]
[Date "2019.10.02"]
[Round "5.25"]
[White "Kryvoruchko, Yuriy"]
[Black "Tomashevsky, Evgeny"]
[Result "1/2-1/2"]
[WhiteElo "2669"]
[BlackElo "2718"]
[Annotator "TA"]
[PlyCount "61"]
[EventDate "2019.09.28"]
[EventType "team-tourn"]
[EventCountry "CRO"]
[SourceTitle "playchess.com"]
[Source "ChessBase"]
[SourceQuality "1"]

{[%evp 23,61,26,19,23,18,13,11,17,26,13,23,19,18,22,16,5,15,0,0,0,0,-45,-42,-45,-43,-24,0,0,30,16,16,18,50,19,35,-6,-8,-8,8,0]} 1. e4 e5 2. Nf3 Nc6 3. Bb5 a6 4. Ba4 Nf6 5. O-O Be7 6. d3 b5 7. Bb3 d6 8. a4 Bd7 9. c3 O-O 10. Bc2 h6 11. Re1 Re8 12. Nbd2 {[%cal Bb1d2,Bd2f1,Bf1e3][%mdl 32]} Bf8 13. Nf1 {C90: Closed Ruy Lopez with 7...d6: Early deviations} b4 {[#]} 14. Bd2 $146 ({Predecessor:} 14. Ng3 bxc3 15. bxc3 d5 16. exd5 Nxd5 {1-0 (53) Wei,Y (2732)-Xu,Y (2456) Chengdu 2017}) 14... bxc3 15. bxc3 Na5 16. d4 c6 17. Rb1 Qc7 18. Ne3 Rab8 19. c4 Ng4 20. dxe5 Rxb1 21. Bxb1 {[#] Strongly threatening exd6.} Nxe5 22. Ba2 Nb7 23. Bb1 Nc5 24. Bc3 Be6 25. Nd4 {[#] Threatens to win with f4.} Qc8 26. Ndf5 Bxf5 27. exf5 Qd8 28. Bc2 Be7 29. f4 Ned7 30. Ng4 Bf6 31. Rxe8+ {Accuracy: White = 60%, Black = 51%.} 1/2-1/2

[Event "28th CRO-chT 1A-Men 2019"]
[Site "Mali Losinj"]
[Date "2019.10.02"]
[Round "5.26"]
[White "Saric, Ivan"]
[Black "Malakhov, Vladimir"]
[Result "1/2-1/2"]
[WhiteElo "2667"]
[BlackElo "2662"]
[Annotator "TA"]
[PlyCount "67"]
[EventDate "2019.09.28"]
[EventType "team-tourn"]
[EventCountry "CRO"]
[SourceTitle "playchess.com"]
[Source "ChessBase"]
[SourceQuality "1"]

{[%evp 9,67,24,29,7,11,15,27,20,29,34,7,29,15,16,27,24,18,2,6,0,31,33,33,28,42,42,42,45,44,44,45,38,35,28,35,26,33,25,35,29,45,35,38,27,35,20,33,0,0,0,0,0,0,0,0,0,0,0,0,0]} 1. e4 e5 2. Nf3 Nc6 3. Bb5 Nf6 4. d3 Bc5 5. Bxc6 dxc6 6. Nbd2 {C65: Ruy Lopez: Berlin Defence (3...Nf6), unusual lines and 4 0-0 Bc5} (6. O-O {is more complex.} Nd7 7. c3 O-O 8. Qc2 Bd6 9. Rd1) 6... Be6 7. O-O Bd6 8. d4 {White has an edge.} Nd7 9. dxe5 Nxe5 10. Nxe5 Bxe5 11. f4 Bd4+ 12. Kh1 f5 13. Qe2 {[#] Black must now prevent exf5.} O-O {[#]} 14. Nf3 $146 {Threatens to win with exf5.} Bf6 15. e5 Be7 16. Rd1 Qe8 17. Nd4 $1 {[%cal Rd4e6]} Qf7 18. Nxe6 Qxe6 19. Be3 Rfd8 20. a4 a6 21. h3 g6 22. c4 Kf7 23. Kh2 Rxd1 24. Rxd1 Rd8 25. Rxd8 Bxd8 26. Qd3 Be7 27. a5 Ke8 28. Kg3 Bb4 {The position is equal.} 29. Kf2 Qd7 30. Qb3 c5 31. Qc2 Kf7 32. Qe2 Bxa5 33. Bxc5 Qd2 34. Qxd2 {Accuracy: White = 49%, Black = 82%.} 1/2-1/2

[Event "28th CRO-chT 1A-Men 2019"]
[Site "Mali Losinj"]
[Date "2019.10.02"]
[Round "5.27"]
[White "Stevic, Hrvoje"]
[Black "Markus, Robert"]
[Result "1/2-1/2"]
[WhiteElo "2570"]
[BlackElo "2599"]
[Annotator "ChessBase"]
[PlyCount "74"]
[EventDate "2019.09.28"]
[EventType "team-tourn"]
[EventCountry "CRO"]
[SourceTitle "playchess.com"]
[Source "ChessBase"]
[SourceQuality "1"]
[TimeControl "40/5400+30:1800+30"]

1. e4 {[%emt 0:04:30]} e6 {[%emt 0:00:30]} 2. d4 {[%emt 0:01:30]} d5 {[%emt 0:00:00]} 3. e5 {[%emt 0:00:30]} c5 {[%emt 0:00:00]} 4. c3 {[%emt 0:00:30]} Nc6 {[%emt 0:00:30]} 5. Nf3 {[%emt 0:00:30]} Qb6 {[%emt 0:01:30]} 6. a3 {[%emt 0:00:30]} Nh6 {[%emt 0:01:30]} 7. b4 {[%emt 0:01:30]} cxd4 {[%emt 0:00:30]} 8. cxd4 {[%emt 0:04:30]} Nf5 {[%emt 0:01:30]} 9. Be3 {[%emt 0:03:30]} Be7 {[%emt 0:05:30]} 10. Bd3 {[%emt 0:02:30]} Nxe3 {[%emt 0:03:30]} 11. fxe3 {[%emt 0:01:30]} f6 {[%emt 0:02:30]} 12. exf6 {[%emt 0:00:00]} Bxf6 {[%emt 0:00:00]} 13. Nc3 {[%emt 0:04:00]} g6 {[%emt 0:08:00]} 14. O-O {[%emt 0:04:30]} O-O {[%emt 0:02:30]} 15. Rc1 {[%emt 0:04:30]} Bd7 {[%emt 0:14:30]} 16. Na4 {[%emt 0:04:30]} Qd8 {[%emt 0:01:30]} 17. Nc5 {[%emt 0:00:30]} Bc8 {[%emt 0:07:30]} 18. Rf2 {[%emt 0:09:30]} Ne7 {[%emt 0:08:30]} 19. Qe1 {[%emt 0:08:30]} b6 {[%emt 0:04:30]} 20. Na6 {[%emt 0:01:30]} Bxa6 {[%emt 0:01:30]} 21. Bxa6 {[%emt 0:00:30]} Qd7 {[%emt 0:02:30]} 22. Rfc2 {[%emt 0:06:30]} Qa4 {[%emt 0:05:30]} 23. Bb7 {[%emt 0:06:30]} Rab8 {[%emt 0:00:30]} 24. Bc6 {[%emt 0:03:30]} Nxc6 {[%emt 0:02:30]} 25. Rxc6 {[%emt 0:01:30]} Qxa3 {[%emt 0:01:30]} 26. Rxe6 {[%emt 0:05:30]} Rbe8 {[%emt 0:03:30]} 27. Ra1 {[%emt 0:02:37]} Qd3 {[%emt 0:01:30]} 28. Ne5 {[%emt 0:02:38]} Qe4 {[%emt 0:02:03]} 29. Rxe8 {[%emt 0:00:34]} Rxe8 {[%emt 0:00:04]} 30. Qc3 {[%emt 0:02:29]} Bxe5 {[%emt 0:01:05]} 31. dxe5 {[%emt 0:00:12]} Rxe5 {[%emt 0:00:21]} 32. Rxa7 {[%emt 0:02:32]} Qxe3+ {[%emt 0:01:00]} 33. Qxe3 {[%emt 0:00:07]} Rxe3 {[%emt 0:00:06]} 34. Rb7 {[%emt 0:00:08]} d4 {[%emt 0:01:04]} 35. Rxb6 {[%emt 0:00:12]} d3 {[%emt 0:00:20]} 36. Rd6 {[%emt 0:00:08]} Re4 {[%emt 0:00:00]} 37. Rxd3 {[%emt 0:00:09]} Rxb4 {[%emt 0:00:02]} 1/2-1/2

[Event "28th CRO-chT 1A-Men 2019"]
[Site "Mali Losinj"]
[Date "2019.10.02"]
[Round "5.28"]
[White "Kuljasevic, Davorin"]
[Black "Kozul, Zdenko"]
[Result "0-1"]
[WhiteElo "2550"]
[BlackElo "2581"]
[Annotator "ChessBase"]
[PlyCount "126"]
[EventDate "2019.09.28"]
[EventType "team-tourn"]
[EventCountry "CRO"]
[SourceTitle "playchess.com"]
[Source "ChessBase"]
[SourceQuality "1"]
[TimeControl "40/5400+30:1800+30"]

1. d4 {[%emt 0:00:30]} Nf6 {[%emt 0:00:30]} 2. c4 {[%emt 0:00:00]} g6 {[%emt 0:00:00]} 3. Nc3 {[%emt 0:00:00]} Bg7 {[%emt 0:00:00]} 4. e4 {[%emt 0:00:30]} d6 {[%emt 0:00:30]} 5. h3 {[%emt 0:00:00]} O-O {[%emt 0:00:30]} 6. Be3 {[%emt 0:00:00]} c6 {[%emt 0:06:30]} 7. Nf3 {[%emt 0:00:30]} Na6 {[%emt 0:00:30]} 8. Rc1 {[%emt 0:01:30]} e5 {[%emt 0:06:30]} 9. d5 {[%emt 0:00:30]} Nc5 {[%emt 0:02:30]} 10. Nd2 {[%emt 0:00:30]} a5 {[%emt 0:01:30]} 11. g4 {[%emt 0:00:30]} a4 {[%emt 0:06:30]} 12. Be2 {[%emt 0:05:30]} Qa5 {[%emt 0:00:30]} 13. Kf1 {[%emt 0:00:30]} Ne8 {[%emt 0:09:30]} 14. a3 {[%emt 0:20:30]} Bf6 {[%emt 0:06:30]} 15. h4 {[%emt 0:02:30]} Bd8 {[%emt 0:02:30]} 16. g5 {[%emt 0:07:30]} Bb6 {[%emt 0:11:30]} 17. h5 {[%emt 0:07:30]} Ba7 {[%emt 0:01:30]} 18. Na2 {[%emt 0:13:30]} cxd5 {[%emt 0:07:30]} 19. cxd5 {[%emt 0:00:30]} Qd8 {[%emt 0:00:30]} 20. Rc3 {[%emt 0:01:30]} Ng7 {[%emt 0:01:30]} 21. Kg2 {[%emt 0:05:30]} Bd7 {[%emt 0:02:30]} 22. Qg1 {[%emt 0:01:30]} Be8 {[%emt 0:04:30]} 23. h6 {[%emt 0:12:46]} Nh5 {[%emt 0:00:30]} 24. Bxh5 {[%emt 0:00:16]} gxh5 {[%emt 0:00:00]} 25. Kh2 {[%emt 0:01:24]} Kh8 {[%emt 0:03:00]} 26. f4 {[%emt 0:01:43]} f6 {[%emt 0:09:32]} 27. gxf6 {[%emt 0:06:19]} Rg8 {[%emt 0:00:19]} 28. Qf2 {[%emt 0:00:21]} Qxf6 {[%emt 0:00:28]} 29. fxe5 {[%emt 0:02:29]} Qxe5+ {[%emt 0:01:51]} 30. Bf4 {[%emt 0:00:13]} Qf6 {[%emt 0:01:09]} 31. Be3 {[%emt 0:02:22]} Nd7 {[%emt 0:03:35]} 32. Qxf6+ {[%emt 0:02:07]} Nxf6 {[%emt 0:00:08]} 33. Bxa7 {[%emt 0:00:04]} Rxa7 {[%emt 0:00:28]} 34. Rf1 {[%emt 0:00:34]} Ng4+ {[%emt 0:00:18]} 35. Kh1 {[%emt 0:00:23]} b5 {[%emt 0:03:09]} 36. Rcf3 {[%emt 0:01:42]} Nxh6 {[%emt 0:02:24]} 37. Rf6 {[%emt 0:01:53]} Ng4 {[%emt 0:01:47]} 38. Rxd6 {[%emt 0:00:55]} Rag7 {[%emt 0:00:07]} 39. Nf3 {[%emt 0:00:17]} Rf7 {[%emt 0:03:06]} 40. Rd8 {[%emt 0:00:00]} Rf4 {[%emt 0:00:00]} 41. Nc3 {[%emt 0:05:42]} Ne3 {[%emt 0:08:39]} 42. Rg1 {[%emt 0:03:30]} Rgf8 {[%emt 0:01:30]} 43. Rg3 {[%emt 0:06:00]} h4 {[%emt 0:01:30]} 44. Rh3 {[%emt 0:00:25]} Ng4 {[%emt 0:00:30]} 45. Kg1 {[%emt 0:18:49]} Rg8 {[%emt 0:00:30]} 46. Rxe8 {[%emt 0:00:44]} Rxe8 {[%emt 0:00:30]} 47. Nxh4 {[%emt 0:00:02]} Ne5 {[%emt 0:03:30]} 48. Nf5 {[%emt 0:00:16]} Rg8+ {[%emt 0:00:30]} 49. Rg3 {[%emt 0:00:59]} Rxg3+ {[%emt 0:01:41]} 50. Nxg3 {[%emt 0:00:32]} Rf3 {[%emt 0:00:30]} 51. Nge2 {[%emt 0:00:28]} Rd3 {[%emt 0:04:15]} 52. Nxb5 {[%emt 0:00:16]} Rb3 {[%emt 0:00:07]} 53. Nbd4 {[%emt 0:01:07]} Rxb2 {[%emt 0:00:08]} 54. Nc3 {[%emt 0:00:02]} h5 {[%emt 0:04:44]} 55. Nf5 {[%emt 0:01:04]} Rc2 {[%emt 0:02:56]} 56. Nb5 {[%emt 0:00:28]} Ra2 {[%emt 0:01:06]} 57. d6 {[%emt 0:00:44]} Kg8 {[%emt 0:00:10]} 58. Kf1 {[%emt 0:00:38]} Kf7 {[%emt 0:00:08]} 59. Ke1 {[%emt 0:00:08]} Rh2 {[%emt 0:01:10]} 60. Nc3 {[%emt 0:00:17]} h4 {[%emt 0:00:18]} 61. Kf1 {[%emt 0:00:21]} h3 {[%emt 0:00:31]} 62. Ne2 {[%emt 0:00:40]} Rh1+ {[%emt 0:00:20]} 63. Kf2 {[%emt 0:00:02]} Ra1 {[%emt 0:00:05]} 0-1

[Event "28th CRO-chT 1A-Men 2019"]
[Site "Mali Losinj"]
[Date "2019.10.02"]
[Round "5.29"]
[White "Palac, Mladen"]
[Black "Jovanic, Ognjen"]
[Result "1/2-1/2"]
[WhiteElo "2544"]
[BlackElo "2532"]
[Annotator "TA"]
[PlyCount "85"]
[EventDate "2019.09.28"]
[EventType "team-tourn"]
[EventCountry "CRO"]
[SourceTitle "playchess.com"]
[Source "ChessBase"]
[SourceQuality "1"]

{[%evp 9,85,18,21,6,12,6,20,0,0,0,0,0,0,0,22,9,14,8,21,4,20,11,19,12,15,15,16,0,23,23,23,21,21,18,10,16,17,0,40,43,38,0,0,-22,0,-18,15,0,0,-14,0,-35,-10,-12,0,-16,0,-41,0,0,10,10,18,21,67,29,83,0,5,0,0,0,0,0,0,0,0,0]} 1. e4 e5 2. Nf3 Nc6 3. Bb5 Nf6 4. d3 Bc5 5. Bxc6 dxc6 6. Nbd2 {C65: Ruy Lopez: Berlin Defence (3...Nf6), unusual lines and 4 0-0 Bc5} (6. O-O {looks sharper.} Nd7 7. c3 O-O 8. Nbd2 Re8 9. b4) 6... Be6 7. O-O Nd7 8. Nb3 (8. b3 {feels hotter.} O-O 9. Bb2 f6 10. c3 Bd6 11. d4) 8... Bb6 9. Ng5 Bxb3 10. axb3 f6 11. Nf3 O-O $146 ({Predecessor:} 11... Nc5 12. Nd2 {½-½ (72) Nakamura,H (2787)-Kramnik,V (2801) Zuerich 2016}) 12. Nd2 Nc5 13. Nc4 Ne6 14. Kh1 Bc5 15. Be3 Bxe3 16. Nxe3 a5 17. g3 b6 18. Rb1 Qd7 19. f4 Nd4 20. f5 Rfd8 21. g4 h6 22. h4 Kf7 23. Kg2 Rh8 24. c3 Nb5 25. Rf3 Rad8 26. Nf1 Nd6 27. Ng3 Nb7 28. Qc2 c5 29. Kf2 Nd6 30. Ke2 Ra8 31. Ra1 Nb5 32. Kf2 Rad8 33. Kg2 Nd6 34. Nf1 Ke7 35. Ne3 c6 36. Rg3 Nf7 37. Nc4 (37. b4 $5) 37... Qc7 {[#]} (37... Qb7 $11) 38. Qe2 (38. b4 $1 $16) 38... Rd7 $11 {The position is equal.} 39. Kf2 Rhd8 40. Re3 Qb8 41. Nd2 Qc7 42. Nc4 Qb8 43. Nd2 {Accuracy: White = 37%, Black = 56%.} 1/2-1/2

[Event "28th CRO-chT 1A-Men 2019"]
[Site "Mali Losinj"]
[Date "2019.10.02"]
[Round "5.30"]
[White "Plenca, Jadranko"]
[Black "Zelcic, Robert"]
[Result "1/2-1/2"]
[WhiteElo "2461"]
[BlackElo "2508"]
[Annotator "TA"]
[PlyCount "101"]
[EventDate "2019.09.28"]
[EventType "team-tourn"]
[EventCountry "CRO"]
[SourceTitle "playchess.com"]
[Source "ChessBase"]
[SourceQuality "1"]

{[%evp 10,101,21,16,35,0,4,-13,-12,-10,-6,0,-6,-8,23,10,28,18,34,20,23,24,43,29,37,27,39,29,39,33,35,30,45,37,48,50,112,116,130,138,188,185,175,176,193,171,179,178,241,224,302,302,300,296,300,307,297,292,291,279,254,242,243,100,78,51,54,14,15,12,47,49,40,40,40,40,40,40,40,40,40,40,42,42,41,40,42,28,75,22,22,22,22,22]} 1. e4 c6 2. Nc3 d5 3. Nf3 dxe4 4. Nxe4 Nf6 5. Qe2 Nxe4 6. Qxe4 Qa5 {B11: Caro-Kann: Two Knights Variation} 7. Bd3 (7. Bc4 {is more complex.} Bf5 8. Qe2 Nd7 9. c3 e6 10. Nh4) 7... Na6 $1 8. Qe5 (8. Bxa6 {keeps more tension.} Qxa6 9. d3 Qa5+ 10. Nd2 e6 11. O-O) 8... Qxe5+ 9. Nxe5 Nb4 10. Be4 Be6 $146 ({Predecessor:} 10... f6 11. c3 Nd5 12. Nf3 a5 13. d4 a4 14. Bd2 {½-½ (41) Adams,M (2703)-Howell,D (2696) London 2018}) 11. c3 Nd5 12. d4 Nf6 13. Bc2 g6 14. O-O Bg7 15. Re1 O-O 16. a4 a5 17. h3 Rfe8 18. Bf4 Rac8 19. Rad1 c5 20. dxc5 Rxc5 21. Nf3 Nd5 22. Bc1 Nb4 ({Better is} 22... Bd7 $14) 23. Be4 $16 (23. cxb4 $6 Rxc2 24. bxa5 Rec8 $11) 23... Nc6 24. Be3 Rh5 25. Ng5 $1 Bb3 26. Rd7 {[%cal Bd1d7,Bd7b7,Bb7b8][%mdl 32]} h6 27. Rxb7 Bxa4 28. Ra1 Nd8 {[#]} (28... hxg5 $142 29. Rxa4 Ne5) 29. Rb8 $1 $18 (29. Rxa4 Nxb7 30. Nxf7 Kxf7 $11) 29... Ne6 {[#]} 30. Nxe6 $1 {[%mdl 512]} Rxb8 (30... fxe6 31. Rb7) 31. Nxg7 ({Weaker is} 31. Rxa4 fxe6 32. Bxg6 Rhb5 $11) 31... Kxg7 32. Rxa4 Rxb2 33. c4 Rb4 34. Rxb4 axb4 {[%cal Ba5b4,Bb4b3,Bb3b2][%mdl 32]} 35. c5 Kf8 36. Kf1 (36. Bc2 $18) 36... b3 $16 37. Ke2 {aiming for Kd2.} Re5 38. Bd3 {Kd2 is the strong threat.} ({Avoid the trap} 38. Bxh6+ $2 Ke8 $19) 38... b2 $1 39. Bb1 f5 {Strongly threatening ...f4.} 40. Kd3 f4 $1 {[%cal Rf4e3]} 41. Bd4 Re1 42. Kc2 Rc1+ $1 43. Kxb2 Rc4 44. Bc3 ({Worse is} 44. Bxg6 Rxd4 45. Kc3 e5 $17) 44... g5 45. Kc2 Rxc5 46. Kd3 Kf7 47. Ba2+ Kg6 48. Kd4 Rb5 49. Bc4 (49. Bd5 $16) 49... e5+ $1 $11 50. Kd3 Rc5 51. Bb4 {Accuracy: White = 57%, Black = 64%.} 1/2-1/2

[Event "28th CRO-chT 1A-Men 2019"]
[Site "Mali Losinj"]
[Date "2019.10.03"]
[Round "6.1"]
[White "Inarkiev, Ernesto"]
[Black "Tomashevsky, Evgeny"]
[Result "1/2-1/2"]
[WhiteElo "2693"]
[BlackElo "2718"]
[Annotator "TA"]
[PlyCount "137"]
[EventDate "2019.09.28"]
[EventType "team-tourn"]
[EventCountry "CRO"]
[SourceTitle "playchess.com"]
[Source "ChessBase"]
[SourceQuality "1"]

{[%evp 26,137,31,22,23,30,27,32,33,21,30,20,35,19,20,25,25,28,20,31,15,14,27,22,45,31,54,43,41,27,35,25,61,68,62,62,66,66,81,38,58,49,46,60,60,58,90,80,181,179,217,229,236,237,238,229,329,328,331,328,322,294,269,322,265,194,172,149,142,93,122,94,94,0,121,125,189,107,105,0,0,0,0,0,0,0,0,0,0,0,0,0,0,0,0,0,0,0,0,0,0,0,0,0,0,0,0,0,0,0,0,0,0,0]} 1. e4 e5 2. Nf3 Nc6 3. Bb5 a6 4. Ba4 Nf6 5. O-O Be7 6. Re1 b5 7. Bb3 O-O 8. c3 d5 9. exd5 Nxd5 10. Nxe5 Nxe5 11. Rxe5 c6 12. d3 Bd6 13. Re1 Bf5 14. Qf3 Qh4 {C89: Closed Ruy Lopez: Marshall Attack} 15. g3 Qh3 16. Be3 Bxd3 {White is slightly better.} ({Of course not} 16... Nxe3 17. Rxe3 Bd7 18. Nd2 $16) 17. Nd2 Bf5 18. Bd4 Rfe8 {[#]} 19. a4 $146 ({Predecessor:} 19. c4 Bg4 20. Qg2 Qxg2+ 21. Kxg2 Nb4 22. Ne4 {1-0 (36) So,W (2788)-Onischuk,A (2665) Saint Louis 2015}) 19... Bg4 20. Qg2 Qh5 21. f3 Be6 22. Ne4 Bf8 23. Bc2 Rad8 24. Qf2 Bc8 25. Rad1 f6 26. Bb3 Kh8 27. Nc5 Bxc5 28. Bxc5 Rxe1+ 29. Rxe1 Re8 30. c4 Nc7 {And now ...Rxe1+ would win.} 31. Bd6 Ne6 32. f4 Nd4 33. Bd1 $1 $40 {[%cal Rd1h5][%mdl 128] White is up to no good.} Rxe1+ 34. Qxe1 Qf7 35. cxb5 {aiming for b6.} axb5 36. Qe4 Nf5 (36... Nb3 $16) 37. Bc5 $1 $18 ({Wrong is} 37. Qxc6 $2 Qe6 $19) 37... bxa4 38. Bxa4 Bd7 39. Bxc6 Bxc6 40. Qxc6 {Strongly threatening Qc8+.} g6 (40... Qg8 {keeps fighting.} 41. b4 Qd8) 41. g4 Ng7 42. Bd4 Ne6 {[#]} 43. Bc3 $1 Kg7 {[#]} 44. g5 $1 Qa7+ 45. Kf1 Kf7 46. Bxf6 Nxf4 47. Bc3 {Qf6+ is the strong threat.} Ne6 48. Qf3+ Ke8 49. Qc6+ Kf7 $1 50. h4 Qe7 (50... Qc5 $16 51. Qd7+ Qe7) 51. b4 ({Better is} 51. Qf3+ $18 Ke8 52. Qa8+ Qd8 53. Qxd8+ Kxd8 54. Ke2) 51... Qc7 $16 52. b5 ({White should play} 52. Qxc7+ $16 Nxc7 53. Ke2) 52... Qxc6 $11 {The position is equal.} 53. bxc6 {[%mdl 4096] Endgame KB-KN} Nc7 54. Be5 Nd5 55. c7 Ne7 56. Bd6 {White wants to mate with Bxe7.} Nc8 57. Bg3 (57. Bh2 {is interesting.} Ke7 58. h5 Kd7 59. hxg6 hxg6 60. Kg2) 57... Ke6 58. Ke2 Kd7 59. Kf3 Ne7 60. h5 gxh5 61. Ke4 h4 62. Bh2 h3 63. Bg3 Nc8 64. Kf5 Ne7+ 65. Ke4 Nc8 66. Bf4 Nb6 67. Bh2 Na8 68. c8=Q+ Kxc8 69. Kf5 {Accuracy: White = 64%, Black = 67%.} 1/2-1/2

[Event "28th CRO-chT 1A-Men 2019"]
[Site "Mali Losinj"]
[Date "2019.10.03"]
[Round "6.2"]
[White "Saric, Ivan"]
[Black "Dreev, Aleksey"]
[Result "0-1"]
[WhiteElo "2667"]
[BlackElo "2662"]
[Annotator "TA"]
[PlyCount "80"]
[EventDate "2019.09.28"]
[EventType "team-tourn"]
[EventCountry "CRO"]
[SourceTitle "playchess.com"]
[Source "ChessBase"]
[SourceQuality "1"]

{[%evp 33,108,33,27,10,41,37,99,86,95,18,30,24,23,14,12,23,10,17,12,-22,-14,-9,-6,-41,-11,-61,-75,-255,-247,-238,-250,-312,-298,-309,-302,-291,-297,-303,-291,-549,-392,-415,-408,-414,-330,-391,-387,-372,0,-291,0,-356,-383,-402,-410,-397,-208,-204,-198,-204,-212,-207,-205,-394,-392,-418,-409,-331,-371,-371,-361,-700,-441,-441,-441,-434,-400]} 1. e4 c5 2. Nf3 e6 3. d4 cxd4 4. Nxd4 Nf6 5. Nc3 Nc6 6. Nxc6 bxc6 7. e5 Nd5 8. Ne4 Qc7 9. f4 Qb6 10. c4 Bb4+ 11. Ke2 f5 12. Nf2 Ba6 13. Kf3 Ne7 14. Be3 Bc5 15. Bxc5 Qxc5 16. Qd6 Qb6 17. b3 c5 18. Be2 {B45: Sicilian Four Knights} (18. Rd1 Bb7+ 19. Kg3 Qxd6 20. Rxd6 g5 21. Nd3 gxf4+ 22. Kxf4 Rc8 23. Be2 Ng6+ 24. Ke3 Bxg2 25. Rd1 Be4 26. Nf4 Nxe5 27. Nxe6 {½-½ (44) Iljiushenok,I (2549)-Dreev,A (2657) Yaroslavl 2019}) 18... Rc8 19. Rad1 Qxd6 $146 (19... Bb7+ $14 20. Kg3 Rc7) ({Predecessor:} 19... Bb7+ 20. Ke3 Rc7 21. Bf3 Bxf3 22. gxf3 Qb7 23. Rhg1 Rg8 24. h4 Nc6 25. Nd3 Nd4 26. Nxc5 Qxf3+ 27. Kxd4 {1-0 (44) Mankeyev,R (2402)-Simonian,H (2402) Alushta 2007}) 20. Rxd6 $16 {White is better.} Bb7+ 21. Ke3 ({White should try} 21. Kg3 $16) 21... g5 $11 22. Bh5+ Ng6 23. fxg5 Bxg2 24. Rhd1 f4+ 25. Ke2 Bc6 26. Ng4 Ke7 27. Kf2 Rcf8 28. Nf6 {[%cal Rd6d7] Threatening mate with Rxd7+.} Nxe5 {aiming for ...h6.} 29. Bf3 {Bxc6 is the strong threat.} Bd5 $1 30. cxd5 $2 (30. R6xd5 $17 {keeps fighting.} exd5 31. Nxd5+ Ke6 32. Re1) 30... Kxd6 $19 31. dxe6+ Kxe6 32. Nxd7 {[#]} Rd8 $1 {[%cal Rd8d7]} ({Not} 32... Nxd7 33. Bg4+ Ke5 34. Rxd7 $17) 33. Nxc5+ {[#]} Kf5 $1 34. Be4+ Kg4 35. Bd5 Kh4 36. Rd4 $2 (36. Ne6 Ng4+ 37. Kf3) 36... Rhe8 {Hoping for ...Ng4+.} 37. h3 Kxg5 38. b4 Ng6 39. Nb7 Rd7 {And now ...Re5 would win.} 40. Nc5 Rd6 {Played: Rd7-d8} 0-1

[Event "28th CRO-chT 1A-Men 2019"]
[Site "Mali Losinj"]
[Date "2019.10.03"]
[Round "6.3"]
[White "Lalic, Bogdan"]
[Black "Markus, Robert"]
[Result "1/2-1/2"]
[WhiteElo "2419"]
[BlackElo "2599"]
[Annotator "ChessBase"]
[PlyCount "32"]
[EventDate "2019.09.28"]
[EventType "team-tourn"]
[EventCountry "CRO"]
[SourceTitle "playchess.com"]
[Source "ChessBase"]
[SourceQuality "1"]
[TimeControl "40/5400+30:1800+30"]

1. d4 {[%emt 0:00:30]} Nf6 {[%emt 0:00:30]} 2. c4 {[%emt 0:00:00]} d6 {[%emt 0:00:00]} 3. Nf3 {[%emt 0:00:00]} Nbd7 {[%emt 0:00:00]} 4. Nc3 {[%emt 0:00:00]} e5 {[%emt 0:00:00]} 5. e4 {[%emt 0:00:00]} g6 {[%emt 0:00:00]} 6. Be2 {[%emt 0:00:30]} Bg7 {[%emt 0:00:30]} 7. O-O {[%emt 0:00:00]} O-O {[%emt 0:00:00]} 8. Be3 {[%emt 0:00:00]} c6 {[%emt 0:00:00]} 9. Qc2 {[%emt 0:00:30]} Qe7 {[%emt 0:01:30]} 10. Rad1 {[%emt 0:03:30]} Re8 {[%emt 0:00:30]} 11. d5 {[%emt 0:02:30]} c5 {[%emt 0:00:30]} 12. Ne1 {[%emt 0:01:30]} Nf8 {[%emt 0:01:30]} 13. Nd3 {[%emt 0:03:30]} Ng4 {[%emt 0:03:30]} 14. Bd2 {[%emt 0:00:30]} f5 {[%emt 0:01:30]} 15. Bxg4 {[%emt 0:01:30]} fxg4 {[%emt 0:00:00]} 16. Qc1 {[%emt 0:02:30]} Nd7 {[%emt 0:05:00]} 1/2-1/2

[Event "28th CRO-chT 1A-Men 2019"]
[Site "Mali Losinj"]
[Date "2019.10.03"]
[Round "6.4"]
[White "Kuljasevic, Davorin"]
[Black "Loncar, Robert"]
[Result "1-0"]
[WhiteElo "2550"]
[BlackElo "2406"]
[Annotator "TA"]
[PlyCount "87"]
[EventDate "2019.09.28"]
[EventType "team-tourn"]
[EventCountry "CRO"]
[SourceTitle "playchess.com"]
[Source "ChessBase"]
[SourceQuality "1"]

{[%evp 9,113,21,21,25,31,19,16,12,9,13,25,27,21,10,30,0,18,0,0,-12,-19,-11,48,2,39,31,39,0,0,0,0,0,0,-30,15,15,36,40,40,33,137,133,146,138,139,147,138,121,176,171,164,168,171,171,171,171,164,109,108,109,111,98,100,95,106,109,146,106,144,136,144,55,129,129,129,145,145,145,341,333,2579,471,2489,131,345,0,2347,2260,2589,2564,2406,2414,1253,1159,2466,2337,2262,2209,1766,1668,1658,1350,1359,1305,1298,1122]} 1. d4 d5 2. c4 c6 3. Nf3 e6 4. e3 Nf6 5. b3 Bb4+ (5... c5 6. Bb2 cxd4 7. exd4 dxc4 8. bxc4 Qa5+ 9. Nbd2 Ba3 10. Qc1 Bxb2 11. Qxb2 Nc6 12. Be2 Qb4 13. O-O-O {½-½ (57) Short,N (2698)-Duda,J (2706) Heraklio 2017}) 6. Nbd2 {D30: Queen's Gambit Declined: Systems without Nc3} O-O 7. Bd3 c5 8. Bb2 {The position is equal.} cxd4 9. exd4 Nc6 10. O-O b6 11. Qe2 Bb7 12. Rfd1 a5 $146 ({Predecessor:} 12... Qe7 13. a3 {½-½ (25) Likavsky,T (2485)-Beck,F (2335) Prievidza 2008}) 13. a4 Ne7 14. h3 Ng6 15. Qe3 Bd6 (15... Rc8 $11) 16. Ne5 (16. Bxg6 $5 hxg6 17. c5 $14) 16... Nxe5 17. dxe5 Bc5 18. Qg3 Nh5 19. Qg4 g6 20. Nf3 Qe7 21. Re1 Rfe8 22. Bc1 dxc4 23. Bxc4 Bxf3 24. Qxf3 Qc7 ({Black should try} 24... Red8 $14) 25. Bb5 $16 Red8 26. Bg5 Be7 27. Rac1 Qa7 28. Be3 Rac8 (28... Bc5 $16 29. Bg5 Be7) 29. Rxc8 $18 Rxc8 30. Rd1 Rd8 31. Rxd8+ Bxd8 32. Qc6 {aiming for Qe8+.} Ng7 33. Qc8 (33. Kf1 $18) 33... Qc7 $16 34. Qa8 {And now Bg5 would win.} Nf5 35. Bg5 $1 {[%cal Rg5d8]} Ne7 36. g4 h6 37. Bf6 Kh7 38. Kg2 $36 {[%mdl 2048] White has strong initiative.} Kg8 39. Kh2 Kh7 {[#]} 40. Kg1 (40. h4 $1 $16) 40... Nc8 ({Black should play} 40... Kg8 $14) 41. Bxd8 Qxd8 {[#]} 42. Ba6 $1 {[%cal Ra6c8]} Qd1+ 43. Kg2 Ne7 $2 (43... Qxb3 $16 44. Bxc8 (44. Qxc8 Qxa4 45. Qc4 Qd1 $16) 44... Qxa4) 44. Qf8 {Played: Qa8-e8} 1-0